MARC

LEADER 00000nam0a2200000 4500
001 28614
005 20231030202911.0
010 |a 5229009926 
035 |a (RuTPU)RU\TPU\book\28871 
035 |a BOOK00028946 
090 |a 28614 
100 |a 20011209d1993 u y0rusy50 ca 
101 0 |a rus 
102 |a RU 
105 |a a f 000|y 
200 1 |a Сбор и обработка вторичного сырья цветных металлов  |e учебник  |f Г. А. Колобов, В. Н. Бредихин, В. М. Чернобаев 
210 |a Москва  |c Металлургия  |d 1993 
215 |a 287 с.  |c ил. 
320 |a Библиогр.: с. 288-289. 
610 1 |a металлургия 
610 1 |a металлический лом цветной 
610 1 |a цветная металлургия 
610 1 |a сбор 
610 1 |a переработка 
610 1 |a цветные металлы 
610 1 |a вторичное сырье 
610 1 |a учебные пособия 
675 |a 669.2.004.8(075.8)  |v 3 
700 1 |a Колобов  |g Герман Александрович 
701 1 |a Бредихин  |g Виктор Николаевич 
701 1 |a Чернобаев  |g Виктор Михайлович 
801 0 |a RU  |b 63413507  |c 20011209  |g PSBO 
942 |c BK